000 00612nam a22002297a 4500
003 UA-OsUOA
001 30014
007 ta
008 20041102b un ||||| |||| 00| 0 ukr d
090 _a908
_bР58
942 _cBK
040 _aUA-OsUOA
_brus
_cUA-OsUOA
_dUA-OsUOA
245 _aРовенский краеведческий музей
_bПутеводитель
_cСост. Ю.М.Никольченко
300 _a79 с.
_bІлюстрації
955 _a0
041 _arus
080 _a908
260 _aЛьвов
_bКаменяр
_c1982
044 _aRU
650 7 _2UDC
999 _c316415
_d316415